Manejo de manglares en Venezuela (Registro nro. 9446)

Detalles MARC
000 -CABECERA
Campo de control 005570000a22002170004500
090 ## - CLASIFICACIÓN LOCAL
Colección AR
Consecutivo 00348
041 0# - IDIOMA
Código de idioma para texto/pista de sonido o título separado
100 1# - ASIENTO PRINCIPAL--NOMBRE PERSONAL
Nombre personal Luna Lugo, Aníbal
245 10 - MENCION DE TITULO
Título Manejo de manglares en Venezuela
650 14 - ASIENTO SECUNDARIO DE MATERIA - TERMINO TEMATICO
Término temático o nombre geográfico como elemento de entrada Planes de ordenación de manglares
650 14 - ASIENTO SECUNDARIO DE MATERIA - TERMINO TEMATICO
Término temático o nombre geográfico como elemento de entrada Uso sostenible
650 14 - ASIENTO SECUNDARIO DE MATERIA - TERMINO TEMATICO
Término temático o nombre geográfico como elemento de entrada Manglares
651 #4 - ASIENTO SECUNDARIO DE MATERIA - NOMBRE GEOGRAFICO
-- Venezuela
653 ## - TERMINO DE INDIZACION - NO CONTROLADO
-- Rhizophora
653 ## - TERMINO DE INDIZACION - NO CONTROLADO
-- Avicennia
653 ## - TERMINO DE INDIZACION - NO CONTROLADO
-- Bruguiera
653 ## - TERMINO DE INDIZACION - NO CONTROLADO
-- Laguncularia
653 ## - TERMINO DE INDIZACION - NO CONTROLADO
-- Conocarpus
773 1# - Item fuente:
Título Preprint
Especificación de materiales 3
Paginas del Articulo 41-56
Lugar, editorial y fecha de publicación 1971?
942 ## - ELEMENTOS ADICIONALES (KOHA)
Tipo de ítem Artículo
Existencias
Withdrawn status Lost status Damaged status No para préstamo Colección Ubicación Permanente Ubicación actual Fecha de adquisición Datos de publicación Seriada Total Checkouts Número topográfico Inventario / Código de Barras Date last seen Ejemplar Price effective from Forma de adquisición Tipo de material
      No para Préstamo Hemeroteca Bogotá Bogotá 27/02/2015 Fuera de circulación   AR 00348 010601 25/03/2015 1 25/03/2015   Artículo